Normal view MARC view
  • TELECOMMUNICATION SYSTEMS.ANALOG AND DIGITAL COMMUNICATIONS.DIGITAL SIGNAL PROCESSING AND MODELING

Entry Topical Term

Number of records used in: 1

001 - CONTROL NUMBER

  • control field: 64285

003 - CONTROL NUMBER IDENTIFIER

  • control field: NUST

005 - DATE AND TIME OF LATEST TRANSACTION

  • control field: 20210628203241.0

008 - FIXED-LENGTH DATA ELEMENTS

  • fixed length control field: 210628|| aca||aabn | a|a d

040 ## - CATALOGING SOURCE

  • Original cataloging agency: NUST
  • Transcribing agency: NUST

150 ## - HEADING--TOPICAL TERM

  • Topical term or geographic name entry element: TELECOMMUNICATION SYSTEMS.ANALOG AND DIGITAL COMMUNICATIONS.DIGITAL SIGNAL PROCESSING AND MODELING

670 ## - SOURCE DATA FOUND

  • Source citation: Work cat.: (NUST): Hayes, Monson .H 64284, Statistical digital signal processing and modeling, 2003
© 2023 Central Library, National University of Sciences and Technology. All Rights Reserved.